Statistics for 4-Letter Chain Game

Click here to take the quiz!

General Stats

  • This quiz has been taken 184 times
  • The average score is 17 of 30

Answer Stats

HintAnswer% Correct
Ruler of a monarchyKing
96%
A waterbird with webbed feetDuck
86%
Cardinal directionEast
84%
Somewhere ____ the rainbowOver
83%
Abominable snowmanYeti
81%
Scottish garmentKilt
80%
Fried tortilla with toppingsTaco
79%
A woodwind instrumentOboe
76%
Don't ask, don't ___Tell
70%
Indian bread that is round and flatNaan
67%
The face of an appIcon
66%
A Hindu spiritual practiceYoga
65%
Neutral toneGrey
64%
One of the most complex jointsKnee
63%
Lieutenant, Commander, Captain, AdmiralRank
60%
Round handleKnob
59%
Fake grassTurf
54%
Malta's currencyEuro
54%
Next to italicBold
53%
Doily materialLace
49%
One of the seven deadly sinsEnvy
49%
A vampire's giveawayFang
48%
A common treatment is salicylic acidAcne
37%
Barns & Noble eReaderNook
34%
Stop staring!Gawk
32%
Lit up signExit
30%
AwesomeEpic
22%
The gastrocnemiusCalf
12%
The first one said "Merry Christmas"Text
11%
The Moirai controlled thisFate
11%

Score Distribution

Percentile by Number Answered

Percent of People with Each Score

Your Score History

You have not taken this quiz